000 00359nam a2200145Ia 4500
005 20240821151454.0
008 240821s9999||||xx |||||||||||||| ||und||
082 _a500.24 PAR
100 _aParker, Bertha Morris
245 0 _aWays of the weather
260 _aNew York
_bRow, Peterson and Company
_c1957
300 _a36p
650 _aScience
942 _cBK
999 _c26235
_d26235